Top 15 des pays avec les décès de Covid-19 - 24 mai - Statistiques

Statistiques générales
  • Ce quiz a été pris 35 fois
  • Le résultat moyen est 15 sur 21
Statistiques - réponses
pays % Correct
Chine
100%
Etats-Unis
100%
France
100%
Italie
94%
Allemagne
91%
Espagne
91%
Royaume-Uni
88%
Mexique
85%
Brésil
82%
Canada
82%
Portugal
82%
Inde
79%
Belgique
64%
Suisse
64%
Pays-Bas
55%
Turquie
48%
Irlande
39%
Suède
36%
Iran
33%
Pérou
24%
Équateur
15%
Aucun quiz correspondant
Distribution des résultats
% des personnes avec chaque résultat
Percentile par nombre de réponses
Votre historique - résultats
Vous n’avez pas pris ce quiz